Normal view
MARC view
- Stockwin, J. A. A.
Entry Personal Name
001 - CONTROL NUMBER
- control field: 102092
003 - CONTROL NUMBER IDENTIFIER
- control field: NUST
005 - DATE AND TIME OF LATEST TRANSACTION
- control field: 20221101094514.0
008 - FIXED-LENGTH DATA ELEMENTS
- fixed length control field: 221101|| aca||aabn | a|a d
040 ## - CATALOGING SOURCE
- Original cataloging agency: NUST
- Transcribing agency: NUST
100 ## - HEADING--PERSONAL NAME
- Personal name: Stockwin, J. A. A.
- Fuller form of name: (James Arthur Ainscow)
670 ## - SOURCE DATA FOUND
- Source citation: Work cat.: (NUST)0: Stockwin, J. A. A. (James Arthur Ainscow), Governing Japan :, 2008.
